[Event "Titled Tue 20th May Early"]
[Site "chess.com INT"]
[Date "2025.05.20"]
[Round "6"]
[White "Duarte Cramer, Lily Jeanette"]
[Black "Sarkar, Justin"]
[Result "0-1"]
[WhiteTitle "WCM"]
[BlackTitle "IM"]
[WhiteElo "1828"]
[BlackElo "2286"]
[WhiteFideId "29620180"]
[BlackFideId "2010011"]
[EventDate "2025.05.20"]

1. d4 Nf6 2. c4 e6 3. Nc3 c5 4. d5 exd5 5. cxd5 d6 6. e4 g6 7. h3 Bg7 8. Nf3 O-O
9. Bd3 b5 10. Bxb5 Nxe4 11. Nxe4 Qa5+ 12. Nfd2 Qxb5 13. Nxd6 Qa6 14. N2c4 Nd7
15. O-O Nb6 16. Nxc8 Raxc8 17. Nxb6 axb6 18. Re1 Rfd8 19. Qf3 Qb7 20. Rd1 Rd7
21. Be3 Rcd8 22. Bg5 f6 23. Bh4 Rxd5 24. Rxd5 Qxd5 25. Qxd5+ Rxd5 26. Re1 Rd2
27. b3 Rxa2 28. Re6 b5 29. Rb6 c4 30. bxc4 bxc4 31. Rc6 g5 32. Bg3 Rc2 33. f4
gxf4 34. Bxf4 c3 35. Kh2 f5 36. Rc5 Rf2 37. Rxf5 Rxf4 38. Rc5 Rf2 39. Kg3 Rd2
40. Kf3 c2 41. Rc8+ Kf7 42. Rc7+ Kg6 43. Ke3 Rxg2 44. Kf3 Rd2 45. Rc6+ Kh5 46.
Rc7 Bh6 47. Rc5+ Kh4 48. Rc6 Bg5 49. Rc7 h6 50. Rc6 Kxh3 51. Ke4 Kh4 52. Kf5
Rf2+ 53. Kg6 c1=Q 54. Rxc1 Bxc1 55. Kh7 Bd2 56. Kg6 h5 57. Kh7 Kg4 58. Kg6 h4
59. Kh7 h3 60. Kg6 h2 61. Kg7 h1=Q 62. Kg6 Qh5+ 63. Kg7 Bc3+ 64. Kg8 Qh8# 0-1

[Event "Titled Tue 20th May Early"]
[Site "chess.com INT"]
[Date "2025.05.20"]
[Round "6"]
[White "Odegov, Artem"]
[Black "Naroditsky, Daniel"]
[Result "1/2-1/2"]
[WhiteTitle "FM"]
[BlackTitle "GM"]
[WhiteElo "2244"]
[BlackElo "2619"]
[WhiteFideId "34183644"]
[BlackFideId "2026961"]
[EventDate "2025.05.20"]

1. d4 Nf6 2. Nf3 g6 3. c4 Bg7 4. Nc3 d6 5. e4 O-O 6. Be3 Ng4 7. Bg5 c5 8. d5 h6
9. Bh4 g5 10. Bg3 f5 11. exf5 Bxf5 12. h4 e5 13. dxe6 Nc6 14. hxg5 Nd4 15. Bd3
Qe7 16. gxh6 Qxe6+ 17. Kf1 Nxh6 18. Nxd4 Bxd4 19. Nd5 Rae8 20. Bxf5 Rxf5 21. Rh5
Qg6 22. Rxf5 Nxf5 23. Bf4 Kg7 24. Qf3 Rh8 25. Kg1 Qh7 26. Qh3 Qg6 27. Qf3 Qh7
28. Qh3 Qxh3 29. gxh3 Rxh3 30. Kg2 Rh4 31. Bg3 Re4 32. Nf4 Kf7 33. Rd1 Be5 34.
Nh5 Bxg3 35. Nxg3 Nxg3 36. Kxg3 Ke6 37. b3 Re2 38. a3 Rb2 39. Rd3 a6 40. a4 b6
41. Kf3 b5 42. axb5 axb5 43. cxb5 d5 44. b6 Kd6 45. b7 Kc7 46. b8=Q+ Kxb8 47.
Rxd5 Rxb3+ 48. Ke4 Rc3 49. f4 Kc7 50. Rd3 Rc1 51. Kd5 c4 52. Rd4 c3 53. Rc4+ Kb6
54. Kd4 c2 55. Kd3 Rd1+ 56. Kxc2 Kb5 57. Kxd1 Kxc4 58. Ke2 Kd5 59. Kf3 Ke6 60.
Ke4 Kf6 61. f5 Kf7 62. Ke5 Ke7 63. f6+ Kf7 64. Kf5 Kf8 65. Ke6 Ke8 66. f7+ Kf8
67. Kd7 Kxf7 1/2-1/2

[Event "Titled Tue 20th May Early"]
[Site "chess.com INT"]
[Date "2025.05.20"]
[Round "6"]
[White "Sava, Robert-Gabriel"]
[Black "Dilmukhametov, Artur"]
[Result "0-1"]
[WhiteTitle "CM"]
[BlackTitle "FM"]
[WhiteElo "2155"]
[BlackElo "2276"]
[WhiteFideId "1265725"]
[BlackFideId "24179922"]
[EventDate "2025.05.20"]

1. e4 e6 2. Qe2 Be7 3. Nf3 d5 4. d3 Nf6 5. g3 O-O 6. Bg2 a5 7. O-O h6 8. a4 c5
9. Nc3 Nc6 10. Nb5 Nb4 11. c3 Nc6 12. e5 Nh7 13. b3 f6 14. Ba3 Qb6 15. d4 Bd7
16. Bh3 f5 17. Nh4 Bxh4 18. Bxc5 Qd8 19. Bxf8 Nxf8 20. gxh4 Qxh4 21. Qf3 g5 22.
Qg3 Qh5 23. f4 g4 24. Bg2 Ng6 25. Nd6 Nh4 26. Nxb7 Kh7 27. Nc5 Bc8 28. Bh1 Ra7
29. Rfd1 Rg7 30. Kf2 Nf3 31. Bg2 Ne7 32. Rh1 Nh4 33. b4 Neg6 34. bxa5 Nxg2 35.
Kxg2 Nh4+ 36. Kf2 Nf3 37. a6 Qg6 38. Rab1 h5 39. h4 Ra7 40. Rb8 Bxa6 41. Nxa6
Rxa6 42. Rhb1 Ra7 43. R1b7+ Rxb7 44. Rxb7+ Kh6 45. Ke3 Qe8 46. Qf2 Qxa4 47. Rb6
Qd1 48. Rxe6+ Kg7 49. Qe2 Qc1+ 50. Kd3 Qb1+ 51. Ke3 Qg1+ 52. Kd3 Qb1+ 53. Ke3
Qc1+ 54. Kd3 Ne1+ 55. Qxe1 Qxe1 56. Rf6 Qf1+ 57. Kd2 Qf2+ 58. Kd3 Qxf4 59. c4
Qe4+ 60. Kc3 Qe3+ 61. Kb4 Qxd4 62. Rc6 dxc4 63. e6 c3+ 64. Kb3 Qd5+ 65. Kc2 Qxc6 0-1

[Event "Titled Tue 20th May Early"]
[Site "chess.com INT"]
[Date "2025.05.20"]
[Round "6"]
[White "Weetik, Vjacheslav"]
[Black "Punin, Andrii"]
[Result "1/2-1/2"]
[WhiteTitle "FM"]
[BlackTitle "FM"]
[WhiteElo "2423"]
[BlackElo "2289"]
[WhiteFideId "4153472"]
[BlackFideId "14112639"]
[EventDate "2025.05.20"]

1. Nf3 c5 2. c4 Nf6 3. Nc3 d5 4. cxd5 Nxd5 5. g3 Nc6 6. Bg2 Nxc3 7. bxc3 e5 8.
O-O Be7 9. d3 O-O 10. Rb1 Qc7 11. e3 Rd8 12. Qc2 Rb8 13. a4 a6 14. Nd2 b5 15.
axb5 axb5 16. f4 exf4 17. gxf4 Bd7 18. d4 cxd4 19. cxd4 Qd6 20. Ne4 Qg6 21. f5
Bxf5 22. Nf6+ Bxf6 23. Qxf5 Ne7 24. Qxg6 hxg6 25. Rb3 b4 26. Bd2 Nf5 27. Bh3 Be7
28. Bxf5 gxf5 29. Rxf5 Rdc8 30. Kf1 Ra8 31. Rb2 b3 32. Rb5 Ra1+ 33. Ke2 Rc2 34.
R5xb3 Rxb2 35. Rxb2 Bd6 36. h3 f5 37. Rb5 f4 38. exf4 Ra2 39. Kd3 Ra3+ 40. Ke4
Rxh3 41. Rg5 Kf7 42. Kd5 Be7 43. Re5 Bf6 44. Re2 Rd3 45. Ke4 Rxd4+ 46. Kf3 Rd7
47. Be3 Re7 48. Ra2 Re6 49. Ra7+ Re7 50. Ra8 Re8 51. Ra6 Re6 52. Ra4 Re7 53. f5
Re8 54. Ra7+ Re7 55. Ra6 Re5 56. Ra7+ Re7 57. Ra5 Re5 58. Rxe5 Bxe5 59. Ke4 g6
60. fxg6+ Kxg6 1/2-1/2

[Event "Titled Tue 20th May Early"]
[Site "chess.com INT"]
[Date "2025.05.20"]
[Round "6"]
[White "Wagh, Suyog"]
[Black "Harsha, Bharathakoti"]
[Result "1-0"]
[WhiteTitle "FM"]
[BlackTitle "GM"]
[WhiteElo "2319"]
[BlackElo "2532"]
[WhiteFideId "25071688"]
[BlackFideId "5078776"]
[EventDate "2025.05.20"]

1. e4 c5 2. Nf3 Nc6 3. d4 cxd4 4. Nxd4 e5 5. Nb5 d6 6. c4 g6 7. Bd3 Be6 8. O-O
Nf6 9. N5c3 Bg7 10. Nd5 Nd7 11. Nbc3 O-O 12. Be3 Nd4 13. Rc1 Rc8 14. b3 Nc5 15.
Bb1 a6 16. Qd2 Rb8 17. Bxd4 exd4 18. Ne2 Bxd5 19. exd5 Qh4 20. Rcd1 Rfe8 21.
Nxd4 Bxd4 22. Qxd4 Qxd4 23. Rxd4 Re2 24. Rfd1 a5 25. Kf1 Rbe8 26. R4d2 R2e5 27.
Rc1 f5 28. Rdd1 Kf7 29. Re1 Rxe1+ 30. Rxe1 Rxe1+ 31. Kxe1 f4 32. Kd2 Kf6 33. Kc3
Ke5 34. a3 b6 35. Bc2 Nd7 36. b4 axb4+ 37. axb4 Nf6 38. f3 g5 39. Bd3 h6 40. Be2
Nd7 41. Bd1 Nf6 42. Ba4 g4 43. Bd1 g3 44. h3 Nd7 45. Be2 Nf6 46. Bd3 Ng8 47. Bf1
Nf6 48. Kb3 Kd4 49. Ka4 Nd7 50. Kb5 Ne5 51. Kxb6 Ke3 52. c5 Kf2 53. c6 Kxf1 54.
c7 Kxg2 55. c8=Q Kxf3 56. Qc3+ Ke4 57. Qc2+ Ke3 58. Qc1+ Ke4 59. Qe1+ Kd3 60.
Kc7 Nc4 61. b5 g2 62. Qf2 1-0

[Event "Titled Tue 20th May Early"]
[Site "chess.com INT"]
[Date "2025.05.20"]
[Round "6"]
[White "Karimova, Guldona"]
[Black "Burmakin, Vladimir"]
[Result "1-0"]
[WhiteTitle "WIM"]
[BlackTitle "GM"]
[WhiteElo "2265"]
[BlackElo "2435"]
[WhiteFideId "14210410"]
[BlackFideId "4105109"]
[EventDate "2025.05.20"]

1. e4 c6 2. d4 d5 3. Nd2 g6 4. Ngf3 dxe4 5. Nxe4 Bg7 6. h3 Nf6 7. Nxf6+ exf6 8.
Bd3 O-O 9. O-O Be6 10. c3 Nd7 11. Bf4 Nb6 12. Qc1 Re8 13. Bh6 Bh8 14. Re1 Qd7
15. Kh2 Bd5 16. Qf4 Rxe1 17. Nxe1 Re8 18. Nf3 Bc4 19. Bxc4 Nxc4 20. b3 Nd6 21.
Qd2 Ne4 22. Qc2 g5 23. Re1 Nd6 24. Rxe8+ Qxe8 25. h4 Qe4 26. Qd2 gxh4 27. Bf4
Nf5 28. c4 h3 29. Kxh3 Qe6 30. Kh2 Ne7 31. Bg3 Ng6 32. d5 cxd5 33. cxd5 Qd7 34.
d6 f5 35. Ng5 Bf6 36. Nf3 h5 37. Qh6 h4 38. Bf4 Bg7 39. Qg5 Nxf4 40. Qxf4 Bf6
41. Nxh4 Bxh4 42. Qxh4 Qxd6+ 43. Qg3+ Qxg3+ 44. Kxg3 Kg7 45. Kf4 Kf6 46. b4 b5
47. a3 Ke6 48. Kg5 Ke5 49. f3 Ke6 50. f4 1-0

[Event "Titled Tue 20th May Early"]
[Site "chess.com INT"]
[Date "2025.05.20"]
[Round "6"]
[White "Gasparyan, Erik R."]
[Black "Ibarra Jerez, Jose Carlos"]
[Result "1/2-1/2"]
[WhiteTitle "IM"]
[BlackTitle "GM"]
[WhiteElo "2372"]
[BlackElo "2545"]
[WhiteFideId "13315730"]
[BlackFideId "2226332"]
[EventDate "2025.05.20"]

1. Nf3 d6 2. d4 Nf6 3. Nc3 Bf5 4. g3 Ne4 5. Nxe4 Bxe4 6. Bg2 g6 7. O-O Bg7 8. c3
O-O 9. Re1 c5 10. dxc5 dxc5 11. Qxd8 Rxd8 12. Be3 b6 13. Red1 Nc6 14. Nd2 Bxg2
15. Kxg2 Na5 16. Rac1 f5 17. b4 Nb7 18. bxc5 Nxc5 19. Bxc5 bxc5 20. c4 Rd6 21.
Nb3 Rc8 22. Rd5 Rxd5 23. cxd5 c4 24. Na5 Rc5 25. Nxc4 Rxd5 26. Rc2 Kf7 27. Kf3
Bf6 28. e4 Rd3+ 29. Ne3 Ra3 30. exf5 gxf5 31. Ke2 e6 32. Nc4 Ra6 33. f4 h5 34.
Kf3 Ke7 35. h3 Rc6 36. g4 hxg4+ 37. hxg4 a5 38. gxf5 a4 39. fxe6 Kxe6 40. Ne3
Rxc2 41. Nxc2 Kd5 42. Ke3 Kc4 43. Kd2 Bc3+ 44. Ke2 Bg7 45. Ne3+ Kc3 46. Nd5+ Kb2
47. Nb6 a3 48. Kd3 Kxa2 49. Kc2 Bh8 50. Nd5 Bg7 51. f5 Bh8 52. Nf4 Ka1 53. Ne2
Be5 54. Nc1 Bg7 55. Nb3+ Ka2 56. Nc5 Ka1 57. Nd3 Bh8 58. Nf4 Be5 59. Nh5 Bh8 60.
Ng3 Be5 61. Ne4 Bh8 62. Nf2 Bd4 63. Nd3 Bh8 64. Nc1 Bf6 65. Kb3 Kb1 66. Na2 Be7
67. Nc3+ Kc1 68. Nd5 Bf8 69. Nc3 Kd2 70. Nb5 Ke3 71. Nxa3 Kf4 72. Nc4 Kxf5 1/2-1/2

[Event "Titled Tue 20th May Early"]
[Site "chess.com INT"]
[Date "2025.05.20"]
[Round "6"]
[White "Andreikin, Dmitry"]
[Black "Bok, Benjamin"]
[Result "1-0"]
[WhiteTitle "GM"]
[BlackTitle "GM"]
[WhiteElo "2695"]
[BlackElo "2591"]
[WhiteFideId "4158814"]
[BlackFideId "1017063"]
[EventDate "2025.05.20"]

1. Nf3 d5 2. g3 g6 3. c4 dxc4 4. Na3 Bg7 5. Nxc4 Nc6 6. Bg2 e5 7. O-O e4 8. Ne1
Be6 9. Ne3 Nf6 10. d3 O-O 11. dxe4 Qxd1 12. Nxd1 Bc4 13. e5 Nxe5 14. Nc3 c6 15.
b3 Ba6 16. Nc2 Nd5 17. Bxd5 cxd5 18. Bb2 Rac8 19. Rfc1 Rfd8 20. Nd4 Nc6 21. Nxc6
Rxc6 22. Na4 Bxb2 23. Nxb2 Bxe2 24. Rxc6 bxc6 25. f4 Bb5 26. Rc1 Rd6 27. Kf2 Re6
28. Rc2 Kf8 29. Nd1 Ke7 30. Nc3 Ba6 31. Na4 Bd3 32. Rd2 Bb5 33. Nc5 Rd6 34. a4
Bc4 35. bxc4 dxc4 36. Rxd6 Kxd6 37. Ne4+ Kd5 38. Ke3 f5 39. Nc3+ Kc5 40. h3 a5
41. Kd2 Kd4 42. Nd1 Ke4 43. Ke2 Kd4 44. Kd2 Ke4 45. Nb2 Kd4 46. Kc2 c3 47. Nd1
Ke4 48. Kxc3 Kf3 49. Nb2 Kxg3 50. Nc4 Kxf4 51. Nxa5 Ke5 52. Nxc6+ Ke4 53. a5 f4
54. Nd4 f3 55. Nxf3 Kxf3 56. a6 Kg3 57. a7 Kxh3 58. a8=Q Kg4 59. Kd3 h5 60. Ke3
Kf5 61. Qe4+ Kf6 62. Qf4+ Ke6 63. Qg5 Kf7 64. Kf4 Kg7 65. Ke5 Kf7 66. Qf6+ 1-0

[Event "Titled Tue 20th May Early"]
[Site "chess.com INT"]
[Date "2025.05.20"]
[Round "6"]
[White "Bruhovich, Olexandr"]
[Black "Mammadov, Sadig"]
[Result "1-0"]
[WhiteTitle "CM"]
[BlackTitle "IM"]
[WhiteElo "2208"]
[BlackElo "2395"]
[WhiteFideId "14119919"]
[BlackFideId "13408712"]
[EventDate "2025.05.20"]

1. e4 e6 2. Nf3 d5 3. exd5 exd5 4. d4 c5 5. dxc5 Bxc5 6. Bb5+ Nc6 7. O-O Ne7 8.
Nc3 O-O 9. h3 Bf5 10. a3 a6 11. Bd3 Bxd3 12. Qxd3 Qd6 13. Bg5 f6 14. Be3 Bxe3
15. Qxe3 d4 16. Qd2 Rad8 17. Ne4 Qd5 18. Rfe1 Ng6 19. Rad1 Nge5 20. Nh2 Rfe8 21.
b3 d3 22. c4 Qd4 23. Kh1 Nxc4 24. Nxf6+ gxf6 25. bxc4 Qxc4 26. Ng4 Re2 27. Qh6
Qe6 28. Rf1 Rd6 29. f4 f5 30. Qg5+ Qg6 31. Nh6+ Kh8 32. Nxf5 Qxg5 33. fxg5 Rd7
34. Nh6 Kg7 35. Rf3 Ne5 36. Nf5+ Kg6 37. Rff1 Nc4 38. Ng3 Ra2 39. h4 Ne3 40.
Rf6+ Kg7 41. Nh5+ Kg8 42. Re6 Rd4 43. Nf6+ Kf7 44. Rxe3 Rxh4+ 45. Kg1 d2 46. Re2
Rd4 47. Kf2 Rxa3 48. Ne4 Raa4 49. Kf3 Rd3+ 50. Kf4 Rdd4 51. Rdxd2 Rdc4 52. Rd7+
Kg6 53. Rd6+ Kg7 54. Rd7+ Kg6 55. Rd6+ Kg7 56. Re6 b5 57. Kf5 Rd4 58. Re7+ Kf8
59. Re6 Kg7 60. Nf6 Rf4+ 61. Ke5 Kg6 62. Ne4+ Kh5 63. Kxf4 b4 64. Rh6# 1-0

[Event "Titled Tue 20th May Early"]
[Site "chess.com INT"]
[Date "2025.05.20"]
[Round "6"]
[White "Reefat, Bin-Sattar"]
[Black "Jiganchine, Roman"]
[Result "1/2-1/2"]
[WhiteTitle "GM"]
[BlackTitle "CM"]
[WhiteElo "2331"]
[BlackElo "2205"]
[WhiteFideId "10200207"]
[BlackFideId "2603667"]
[EventDate "2025.05.20"]

1. e4 e5 2. Nf3 Nc6 3. Bc4 Nf6 4. d3 Be7 5. O-O O-O 6. Re1 d6 7. a4 a6 8. h3 Be6
9. Nbd2 Qd7 10. a5 Rae8 11. c3 Kh8 12. Qb3 Nd8 13. d4 exd4 14. cxd4 Bxc4 15.
Qxc4 d5 16. exd5 Qxd5 17. Qxc7 Bb4 18. Re5 Rxe5 19. dxe5 Ne4 20. Qc4 Qxc4 21.
Nxc4 Nc6 22. Be3 Rd8 23. Kf1 Rd5 24. Bb6 g5 25. Ke2 h5 26. g4 hxg4 27. hxg4 Kg7
28. Ke3 Nc5 29. Ke2 Nb3 30. Rd1 Rxd1 31. Kxd1 Nbxa5 32. Ne3 Be7 33. Nf5+ Kf8 34.
Nxe7 Kxe7 35. Be3 Nc4 36. Bxg5+ Ke6 37. b3 N4xe5 38. Nh2 Nd3 39. Ke2 Nc5 40. f4
Nxb3 41. f5+ Kd7 42. Be3 Nbd4+ 43. Kd3 Nb5 44. g5 a5 45. Ng4 Ke8 46. Bc5 a4 47.
Kc4 a3 48. Nf6+ Kd8 49. g6 fxg6 50. fxg6 Ne5+ 51. Kxb5 Nxg6 52. Bxa3 Kc7 53.
Nd5+ Kd7 54. Bb4 Ne5 55. Kb6 Nc4+ 56. Kxb7 Ke6 57. Nb6 Nxb6 1/2-1/2

[Event "Titled Tue 20th May Early"]
[Site "chess.com INT"]
[Date "2025.05.20"]
[Round "6"]
[White "Jaskolka, Tomasz"]
[Black "Smieszek, Wojciech"]
[Result "1/2-1/2"]
[WhiteTitle "CM"]
[BlackTitle "CM"]
[WhiteElo "2200"]
[BlackElo "2141"]
[WhiteFideId "1170791"]
[BlackFideId "1156047"]
[EventDate "2025.05.20"]

1. d4 Nf6 2. Bf4 c5 3. e3 g6 4. Nc3 Bg7 5. h4 h5 6. Nf3 O-O 7. Be2 d6 8. dxc5
dxc5 9. Qxd8 Rxd8 10. Rd1 Rxd1+ 11. Bxd1 Nc6 12. Ne5 Nxe5 13. Bxe5 Bg4 14. Bxf6
Bxf6 15. Bxg4 hxg4 16. Nd5 Kg7 17. b3 e6 18. Nxf6 Kxf6 19. Kd2 Rd8+ 20. Kc3 b5
21. a4 a6 22. axb5 axb5 23. h5 gxh5 24. Rxh5 e5 25. Rh6+ Kf5 26. Rc6 b4+ 27. Kb2
Rd2 28. Rxc5 Rxf2 29. g3 Rf3 30. c3 Rf2+ 31. Kc1 bxc3 32. Rxc3 Ke4 33. b4 Rf6
34. b5 Rb6 35. Rb3 Kf3 36. e4+ Kxe4 37. Kd2 f5 38. Ke2 Kd4 39. Rb1 e4 40. Rd1+
Kc4 41. Ke3 Rxb5 42. Kf4 Kc3 43. Rd8 Kc4 44. Rd1 Rd5 45. Rc1+ Kb3 46. Rc8 Kb4
47. Rc1 Rd3 48. Rc8 Rf3+ 49. Ke5 e3 50. Kd4 Rxg3 51. Rb8+ Ka5 52. Kc5 Ka6 53.
Kc6 Ka7 54. Rb3 f4 55. Ra3+ Kb8 56. Rb3+ Kc8 57. Ra3 Kd8 58. Kd6 Ke8 59. Ke6 Kf8
60. Kf6 Kg8 61. Kg6 Kf8 62. Kf6 Ke8 63. Ke6 Kd8 64. Kd6 Kc8 65. Kc6 Kb8 66. Rb3+
Ka7 67. Ra3+ Kb8 1/2-1/2

[Event "Titled Tue 20th May Early"]
[Site "chess.com INT"]
[Date "2025.05.20"]
[Round "6"]
[White "Ramu, K."]
[Black "Anakok, Deniz"]
[Result "1/2-1/2"]
[WhiteTitle "FM"]
[BlackTitle "CM"]
[WhiteElo "2151"]
[BlackElo "2058"]
[WhiteFideId "5006171"]
[BlackFideId "51603586"]
[EventDate "2025.05.20"]

1. e4 c5 2. Nf3 e6 3. d3 Nc6 4. g3 d6 5. Bg2 g6 6. O-O e5 7. c3 Bg7 8. a3 Nge7
9. b4 Bg4 10. h3 Bxf3 11. Qxf3 O-O 12. b5 Nb8 13. Bb2 Nd7 14. c4 Rb8 15. a4 f5
16. Qe2 f4 17. Nc3 g5 18. Bf3 h6 19. Bg4 Nf6 20. Be6+ Kh8 21. g4 Ng6 22. f3 h5
23. Kf2 h4 24. a5 Qe7 25. Bf5 Qe8 26. Kg2 Ne7 27. Rg1 Nxf5 28. exf5 Qd7 29. Nd5
Nxd5 30. cxd5 Qxb5 31. Rgb1 Qd7 32. Qe4 b5 33. axb6 Rxb6 34. Bc3 Rfb8 35. Rxb6
axb6 36. Qa4 b5 37. Qa7 Rb7 38. Qa8+ Kh7 39. Ra6 c4 40. Rxd6 Qxd6 41. Qxb7 cxd3
42. Qxb5 Qa3 43. Qxd3 e4 44. Qxe4 Qxc3 45. f6+ Kg8 46. fxg7 Qd2+ 47. Kf1 Qd1+
48. Kf2 Qd2+ 49. Qe2 Qd4+ 50. Kg2 Qxd5 51. Qe7 Qd2+ 52. Kf1 Qd1+ 53. Kf2 Qd2+
54. Kf1 Qd3+ 55. Kf2 Qc2+ 56. Ke1 Qc3+ 57. Kf2 Qxg7 58. Qe8+ Kh7 59. Qh5+ Kg8
60. Qe8+ Qf8 61. Qg6+ Qg7 62. Qe8+ 1/2-1/2

[Event "Titled Tue 20th May Early"]
[Site "chess.com INT"]
[Date "2025.05.20"]
[Round "6"]
[White "Ternault, Mathieu"]
[Black "Burmakin, Evgeniy"]
[Result "0-1"]
[WhiteTitle "FM"]
[BlackTitle "FM"]
[WhiteElo "2273"]
[BlackElo "2110"]
[WhiteFideId "20641532"]
[BlackFideId "4163729"]
[EventDate "2025.05.20"]

1. d4 Nf6 2. Nf3 g6 3. Bg5 Bg7 4. Nbd2 d5 5. c3 c6 6. e3 O-O 7. Be2 h6 8. Bxf6
exf6 9. O-O Be6 10. Re1 f5 11. Ne5 Nd7 12. Ndf3 Nf6 13. a4 a5 14. Qb3 Qc7 15.
Rec1 Ne4 16. c4 Qe7 17. g3 g5 18. Qc2 f4 19. cxd5 Bxd5 20. Bc4 fxe3 21. fxe3 h5
22. Rf1 Bh6 23. Bxd5 cxd5 24. Rae1 g4 25. Nh4 Qe6 26. Rf5 Ng5 27. Kg2 Kg7 28.
Ref1 f6 29. Rxf6 Rxf6 30. Nf5+ Rxf5 31. Rxf5 Rf8 32. Qc7+ Nf7 33. Nxf7 Rxf7 34.
Rxf7+ Qxf7 35. Qe5+ Kh7 36. Kg1 b6 37. b3 Kg6 38. e4 dxe4 39. Qxe4+ Kg7 40. d5
Qf6 41. Qc4 Kg6 42. Qe4+ Qf5 43. Qe8+ Qf7 44. Qe4+ Kg7 45. d6 Bg5 46. Qe5+ Bf6
47. Qe4 Qd7 48. Qf4 Qe6 49. Qd2 Bd8 50. d7 Kf7 51. Qd3 Ke7 52. Qh7+ Kd6 53. Qd3+
Kc7 54. h3 gxh3 55. Kh2 Qxd7 56. Qc3+ Qc6 57. Qg7+ Kb8 58. Qe5+ Bc7 59. Qe2 Kb7
60. Qxh5 Qg2# 0-1

[Event "Titled Tue 20th May Early"]
[Site "chess.com INT"]
[Date "2025.05.20"]
[Round "6"]
[White "Purtseladze, Maka"]
[Black "Roienko, Artur"]
[Result "1-0"]
[WhiteTitle "IM"]
[WhiteElo "2261"]
[BlackElo "2215"]
[WhiteFideId "13602659"]
[BlackFideId "14136732"]
[EventDate "2025.05.20"]

1. d4 d5 2. c4 c6 3. Nc3 Nf6 4. e3 e6 5. Nf3 Bb4 6. Bd3 dxc4 7. Bxc4 O-O 8. O-O
c5 9. a3 Bxc3 10. bxc3 cxd4 11. cxd4 Nc6 12. a4 Bd7 13. Ba3 Re8 14. Ne5 Nd5 15.
Nxd7 Qxd7 16. Rc1 a6 17. Qf3 Rac8 18. Bxd5 exd5 19. Rc5 Ne7 20. Rxc8 Nxc8 21. a5
Qb5 22. Bc5 Rd8 23. Ra1 b6 24. axb6 Nxb6 25. Bxb6 Qxb6 26. h3 a5 27. Qd1 h6 28.
Qa4 Ra8 29. g4 h5 30. Kg2 hxg4 31. hxg4 Qg6 32. Kg3 f5 33. Qd1 Qd6+ 34. Kg2 Qe6
35. gxf5 Qxf5 36. Ra4 Qg5+ 37. Kf1 Rf8 38. Qe2 Qh4 39. Ke1 Qh1+ 40. Qf1 Qe4 41.
Ra1 Qc2 42. Rd1 a4 43. Qe2 Qc3+ 44. Qd2 Qxd2+ 45. Rxd2 Rb8 46. Ra2 Ra8 47. Kd2
Kf7 48. Kc3 Ke6 49. Kb4 Rf8 50. Kxa4 Kf5 51. f3 Kg5 52. f4+ Kf5 53. Rg2 Ke4 54.
Rg3 Rf7 55. Kb4 Re7 56. Kc5 Kf5 57. Kd6 Re8 58. Rg5+ Ke4 59. Re5+ Rxe5 60. dxe5
Kf5 61. e6 g5 62. fxg5 Kxg5 63. e7 Kf5 64. e8=Q 1-0

[Event "Titled Tue 20th May Early"]
[Site "chess.com INT"]
[Date "2025.05.20"]
[Round "6"]
[White "Krzywda, Andrzej"]
[Black "Rushbrooke, Remy"]
[Result "0-1"]
[WhiteTitle "CM"]
[WhiteElo "2175"]
[BlackElo "2090"]
[WhiteFideId "1114565"]
[BlackFideId "443590"]
[EventDate "2025.05.20"]

1. e4 c5 2. Nf3 Nc6 3. d4 cxd4 4. Nxd4 e5 5. Nb5 d6 6. N1c3 a6 7. Na3 Be7 8. Nc4
Nf6 9. Bd3 b5 10. Ne3 O-O 11. O-O Bb7 12. Re1 Nb4 13. Nf5 Re8 14. Qf3 Bf8 15.
Bg5 Nxd3 16. cxd3 Kh8 17. Nh6 Qe7 18. Bxf6 gxf6 19. Nf5 Qd8 20. Re3 Bc8 21. Qh5
Bxf5 22. exf5 d5 23. Rh3 h6 24. Rg3 Bg7 25. Qxf7 Re7 26. Qxd5 Qxd5 27. Nxd5 Rb7
28. Rc1 Rd8 29. Nb4 a5 30. Na6 Rb6 31. Nc5 Rc6 32. Nb3 Rxc1+ 33. Nxc1 Rc8 34.
Nb3 Rc2 35. d4 a4 36. Rc3 axb3 37. axb3 Rxb2 38. g4 exd4 39. Rd3 Rc2 40. Rxd4
Rc1+ 41. Kg2 Rc3 42. Rb4 Rc5 43. Kf3 Bf8 44. Ke4 Kg7 45. Rd4 Re5+ 46. Kd3 b4 47.
f4 Re6 48. Rd7+ Re7 49. Rd5 Rc7 50. h4 Kf7 51. g5 hxg5 52. hxg5 fxg5 53. fxg5
Rc3+ 54. Ke4 Rxb3 55. Rd7+ Kg8 56. f6 Rb1 57. Kf5 Rf1+ 58. Kg6 b3 59. Rh7 b2 60.
f7+ Rxf7 61. Rxf7 b1=Q+ 62. Kh5 Kxf7 0-1

[Event "Titled Tue 20th May Early"]
[Site "chess.com INT"]
[Date "2025.05.20"]
[Round "6"]
[White "Grutter, Tim"]
[Black "Pavlidou, Ekaterini"]
[Result "1-0"]
[WhiteTitle "IM"]
[BlackTitle "WIM"]
[WhiteElo "2408"]
[BlackElo "2198"]
[WhiteFideId "1057472"]
[BlackFideId "4213262"]
[EventDate "2025.05.20"]

1. Nf3 c5 2. g3 Nc6 3. Bg2 e5 4. O-O d5 5. d3 h6 6. Nc3 Be6 7. e4 d4 8. Nd5 Bd6
9. Nd2 Bxd5 10. exd5 Nce7 11. Nc4 Nf6 12. f4 Nfxd5 13. fxe5 Bc7 14. e6 O-O 15.
exf7+ Rxf7 16. Rxf7 Kxf7 17. Qh5+ Kg8 18. Bd2 Nf6 19. Qh3 Ng6 20. Bxb7 Rb8 21.
Bg2 Qc8 22. Re1 Qxh3 23. Bxh3 Bd8 24. Be6+ Kh8 25. Bf5 Ne7 26. Bf4 Rb7 27. Bh3
Ned5 28. Bg2 Re7 29. Ne5 Kh7 30. Bh3 g5 31. Bf5+ Kg7 32. Bd2 Bc7 33. Nc4 Ne3 34.
Nxe3 dxe3 35. Rxe3 Rxe3 36. Bxe3 Be5 37. Bxc5 Bxb2 38. Bxa7 Nd5 39. Be6 Nb4 40.
Bb3 Bc3 41. Bc5 Na6 42. Bd6 Kf6 43. Bc4 Nb4 44. Bxb4 Bxb4 45. Kf2 Bc5+ 46. Kf3
Ke5 47. Kg4 Kd4 48. Kh5 Bf8 49. Kg6 Kc3 50. Bb3 Kd4 51. a4 Kc5 52. Bc4 Kb4 53.
Bb5 Ka5 54. d4 Kb4 55. d5 Kc5 56. Bc6 Kd6 57. a5 Kc5 58. a6 Kb6 59. Bb7 g4 60.
Kh5 Bc5 61. Kxg4 Bg1 62. h3 Bh2 63. d6 Bg1 64. d7 Kc7 65. Bc8 Kd8 66. c4 Kc7 67.
Kh5 Be3 68. g4 Kd8 69. h4 Ke7 70. g5 hxg5 71. hxg5 Kd8 72. g6 Ke7 73. g7 Kf7 74.
g8=Q+ Kxg8 75. d8=Q+ Kf7 76. Qd7+ Kf6 77. Qe6+ Kg7 78. Qxe3 1-0

[Event "Titled Tue 20th May Early"]
[Site "chess.com INT"]
[Date "2025.05.20"]
[Round "6"]
[White "Reshetnikov, Alexey"]
[Black "Grot, Blazej"]
[Result "1-0"]
[WhiteTitle "IM"]
[BlackTitle "CM"]
[WhiteElo "2492"]
[BlackElo "2217"]
[WhiteFideId "4162080"]
[BlackFideId "21835845"]
[EventDate "2025.05.20"]

1. d4 Nf6 2. c4 e6 3. Nc3 d5 4. Bg5 Be7 5. e3 O-O 6. Nf3 c6 7. Qc2 h6 8. Bh4
Nbd7 9. Rd1 Re8 10. a3 b6 11. Be2 dxc4 12. Bxc4 b5 13. Ba2 Bb7 14. O-O a6 15.
Ne5 Qb6 16. Bb1 Rad8 17. Nxd7 Rxd7 18. Bxf6 Bxf6 19. Qh7+ Kf8 20. Ne4 Qd8 21.
Nc5 Rc7 22. f4 Ke7 23. Ba2 Bc8 24. Qe4 Kf8 25. Qh7 Ke7 26. Rc1 Rh8 27. Qe4 Kf8
28. Rc3 Qd6 29. Rfc1 h5 30. Qf3 h4 31. Bb1 a5 32. Ne4 Qd8 33. Nxf6 gxf6 34. Rxc6
Rxc6 35. Qxc6 Bd7 36. Qc5+ Kg7 37. Be4 f5 38. Bf3 h3 39. g3 Kg6 40. Qe5 Re8 41.
Rc5 Qb6 42. Qc7 Qxc7 43. Rxc7 Rd8 44. Kf2 Be8 45. Be2 Rb8 46. b3 Kf6 47. Bf1 b4
48. a4 Rb6 49. Bxh3 Bc6 50. Bf1 Bd5 51. Bc4 Be4 52. Rc5 Bc2 53. Rxa5 Rb8 54. Rb5
Rh8 55. h4 Rg8 56. Rxb4 Rg7 57. a5 Rg8 58. a6 Ra8 59. Rb7 Rc8 60. a7 Ra8 61. Rc7
Be4 62. b4 Bh1 63. b5 Be4 64. b6 e5 65. dxe5+ Kg6 66. Ba6 Kh5 67. Rc8 Rxc8 68.
Bxc8 Kg4 69. b7 Bxb7 70. Bxb7 Kh3 71. Bf3 Kh2 72. a8=Q f6 73. Qa1 fxe5 74. Qh1# 1-0